Health, behaviour and society: clinical medicine in context (Record no. 63947)
[ view plain ]
| 000 -LEADER | |
|---|---|
| fixed length control field | 01052nam a2200241 a 4500 |
| 008 - FIXED-LENGTH DATA ELEMENTS--GENERAL INFORMATION | |
| fixed length control field | 130806s2011 ||||||||||||||||| || u |
| 020 ## - INTERNATIONAL STANDARD BOOK NUMBER | |
| International Standard Book Number | 9780857254610 |
| 050 ## - LIBRARY OF CONGRESS CALL NUMBER | |
| Classification number | RC 46 Hea |
| 100 ## - MAIN ENTRY--PERSONAL NAME | |
| Personal name | Cleland, Jennifer |
| 245 10 - TITLE STATEMENT | |
| Title | Health, behaviour and society: clinical medicine in context |
| Statement of responsibility, etc. | edited by Jennifer Cleland and Philip Cotton |
| 260 ## - PUBLICATION, DISTRIBUTION, ETC. | |
| Place of publication, distribution, etc. | United Kingdom: |
| Name of publisher, distributor, etc. | Learning Matters Ltd |
| Date of publication, distribution, etc. | 2011 |
| 300 ## - PHYSICAL DESCRIPTION | |
| Extent | xi, 190p.: ill. |
| 350 ## - | |
| -- | 33.37 |
| 490 ## - | |
| -- | Becoming tomorrow's doctors |
| 500 ## - GENERAL NOTE | |
| General note | References |
| 650 ## - SUBJECT ADDED ENTRY--TOPICAL TERM | |
| Topical term or geographic name entry element | CLINICAL MEDICINE--EDUCATION |
| 650 ## - SUBJECT ADDED ENTRY--TOPICAL TERM | |
| Topical term or geographic name entry element | CLINICAL MEDICINE |
| 650 ## - SUBJECT ADDED ENTRY--TOPICAL TERM | |
| Topical term or geographic name entry element | DELIVERY OF HEALTH CARE |
| 650 ## - SUBJECT ADDED ENTRY--TOPICAL TERM | |
| Topical term or geographic name entry element | HEALTH BEHAVIOR |
| 700 ## - ADDED ENTRY--PERSONAL NAME | |
| Personal name | Cotton, Philip |
| 995 ## - | |
| -- | MEDICAL LIBRARY OPEN ACCESS |
| -- | 903428 |
| -- | CBU-SCHOOL OF MEDICINE LIBRARY (Ndola) |
| -- | 33.37 |
| -- | RC 46 Hea |
| -- | 2 |
| -- | AVAILABLE |
| -- | Feb 18, 2016 |
| -- | 903428 |
| -- | Medical Library Open Access Collection |
| 995 ## - | |
| -- | MEDICAL LIBRARY OPEN ACCESS |
| -- | 902301 |
| -- | CBU-SCHOOL OF MEDICINE LIBRARY (Ndola) |
| -- | RC 46 Hea |
| -- | 1 |
| -- | AVAILABLE |
| -- | Aug 22, 2013 |
| -- | 902301 |
| -- | Medical Library Open Access Collection |
| 999 ## - | |
| -- | 63947 |
| -- | 63947 |
| Withdrawn status | Lost status | Source of classification or shelving scheme | Damaged status | Not for loan | Permanent Location | Current Location | Shelving location | Date acquired | Total Checkouts | Full call number | Barcode | Date last seen | Copy number | Price effective from | Koha item type |
|---|---|---|---|---|---|---|---|---|---|---|---|---|---|---|---|
| CBU-SCHOOL OF MEDICINE LIBRARY, NDOLA. | CBU-SCHOOL OF MEDICINE LIBRARY, NDOLA. | 02/01/2023 | RC 46 Hea | 903428 | 02/01/2023 | 1 | 02/01/2023 | MONOGRAPH | |||||||
| CBU-SCHOOL OF MEDICINE LIBRARY, NDOLA. | CBU-SCHOOL OF MEDICINE LIBRARY, NDOLA. | 02/01/2023 | RC 46 Hea | 902301 | 02/01/2023 | 2 | 02/01/2023 | MONOGRAPH |